Inžinierske siete

Na minha lista:
Detalhes bibliográficos
Main Authors: Uhliarik, Anton (Author), Šerek, Milan (Author), Šrytr, Petr (Author)
Formato: Livro
Idioma:eslovaco
Publicado em: Bratislava : Alfa, 1992
Edição:1 vyd.
Assuntos:
Tags: Adicionar Tag
Sem tags, seja o primeiro a adicionar uma tag!

MARC

LEADER 00000nam a22000003a 4500
001 stu12223
005 20150617225802.3
008 951219s1992----cs------------------slo-d
040 |a STU  |b slo 
041 0 |a slo 
044 |a cs 
100 1 |a Uhliarik, Anton  |4 aut 
245 1 |a Inžinierske siete 
250 |a 1 vyd. 
260 |a Bratislava :  |b Alfa,  |c 1992 
300 |a 291 s 
650 7 |a bezbariérové byty  |2 stusub 
650 7 |a inžinierske siete  |2 stusub 
700 1 |a Šerek, Milan  |4 aut 
700 1 |a Šrytr, Petr  |4 aut 
996 |b 284AU02285  |c A*2854 U  |l AAKNAR  |s A  |a 24  |w stu12223_0001 
996 |b 284AU05039  |c A*2855 U  |l AAKNAR  |s A  |a 24  |w stu12223_0002